00429nam a2200145Ia 4500008004100000020001800041041001200059082002200071100004100093245007000134260004600204300001100250300001100261500001100272231221s9999 xx 000 0 und d a9790000000000 aEnglish a372.622 SAD;1 R aSadanand, Kamlesh. Punitha, Susheela 0aSpoken English: a foundation course for speakers of Tamil. Part 1 c2008bOrient Longman Pvt. Ltd.aHyderabad avi+203 cCD3820 aE.-509